Responses for Show #2351 - Monday, November 21, 1994

1994 Tournament of Champions semifinal game 1.

Contestants

[<< previous game]

Jean Grewe, a typesetter from Oak Park, Illinois

David Hillinck, a high school principal from Sacramento, California

Bill Pitassy, an attorney from Cranford, New Jersey

[next game >>]

Jeopardy! Round responses

VICE PRESIDENTS
PEOPLE
SIGNS & SYMBOLS
HEMINGWAY BOOKS
COMMON BONDS
"A" IN GEOGRAPHY
    $100 30
the Constitution

Jean
    $100 6
Tootsie Roll

Jean
    $100 7
a shamrock

Bill
    $100 9
The Old Man and the Sea

David
    $100 28
cards

David
    $100 1
Avon

Jean
    $200 29
Walter Mondale

Bill
    $200 10
Lee Iacocca

Jean
    $200 8
Smokey the Bear

Jean
    $200 11
bullfighting

Bill
    $200 27
glass

Jean
    $200 2
Argentina

Jean
    $300 21
Gerald Ford

Triple Stumper
    $300 15
Akira Kurosawa

Jean
    $300 16
mega-

Jean
    $300 12
For Whom the Bell Tolls

Bill
    $300 26
seats

Jean
    $300 3
the Arabian Sea

David
    $400 22
(Bill: What is Seward?)

Charles Fairbanks

Bill
Triple Stumper
    $400 19
Harry Reasoner

Bill
    $400 17
an equal sign

Bill
    $700 13
(Bill: I'm sorry, I'm drawing a blank.)

Islands in the Stream

Bill
    $400 25
bats

Jean
    $400 4
Angola

Bill
    $500 23
(Bill: Who is John Nance Garner?)
...
(Alex: You're going in the wrong direction, Bill.)

Alben Barkley

Bill
Triple Stumper
    $500 20
John Paul II (Karol Wojtyla)

Bill
    $500 18
a breve

Triple Stumper
    $500 14
A Farewell to Arms

David
    $500 24
maids

Jean
    $500 5
Adelaide

Jean

Scores at the first commercial break (after clue 13):

Bill David Jean
$300 $400 $1,300

Scores at the end of the Jeopardy! Round:

Bill David Jean
$900 $1,000 $3,400

Double Jeopardy! Round responses

THE 17th CENTURY
THE AMERICAN FLAG
MUSIC APPRECIATION
FINANCE
ART
(Alex: And finally, a whole category devoted to...)
BIBLES
    $200 2
Athens

David
    $200 16
Memorial Day

David
    $200 1
Benny Goodman

David
    $200 7
gross national product

David
    $200 26
Leonardo da Vinci

David
    $200 21
verses

Jean
    $400 3
Galileo

Jean
    $400 17
Antarctica

Bill
    $400 12
violin

Jean
    $400 8
penny stock

Bill
    $400 27
mosaics

Bill
    $400 22
the seventh ("Thou shalt not commit adultery")

Jean
    $600 4
the Dutch East India Company

David
    $600 18
(Bill: What is indivisible?)

a republic

BillJean
    $600 13
(Jean: Who is Handel?)

Franz Joseph Haydn

DavidJean
    $600 9
(David: What is an IRA?)

a 401(k) plan

BillDavid
    $600 28
Toulouse-Lautrec

Bill
    $600 23
Greek

David
    $800 5
Kingston

Jean
    $800 19
Fort McHenry

David
    $800 14
(Jean: Who is...)
(Alex: You rang in before it got to your brain.)

Esa-Pekka Salonen

Jean
Triple Stumper
    $800 10
food

Triple Stumper
    $800 29
Grant Wood

Bill
    $1,000 24
(David: Would that be... who is King James?)

Henry VIII

David
    $1000 6
Russia

David
    $2,000 20
the Marquis de Lafayette

David
    $1000 15
(Bill: Who is Andres Segovia?)

Carlos Montoya

Bill
Triple Stumper
    $1000 11
the Truth in Lending Act

Bill
    $1000 30
Titian

Jean
    $1000 25
Vulgate

Jean

Scores at the end of the Double Jeopardy! Round:

Bill David Jean
$3,500 $6,000 $6,800

[wagering suggestions for these scores]

Final Jeopardy! Round responses

PLAYWRIGHTS
BillWho is Odets?
$0
DavidWho was Dr. Seuss?
$1,000
JeanWho is Eugene O'Neill?
$4,000
James M. Barrie

Final scores:

Bill David Jean
$3,500 $5,000 $2,800
2nd place: $5,000 Finalist 3rd place: $5,000

Game dynamics:

Coryat scores:

Bill David Jean
$4,200 $6,000 $6,800
15 R,
5 W
(including 1 DD)
15 R
(including 1 DD),
2 W
(including 1 DD)
21 R,
2 W

Combined Coryat: $17,000

[game clues] [game scores] [suggest correction]

Game tape date: 1994-10-12
The J! Archive is created by fans, for fans. Scraping, republication, monetization, and malicious use prohibited; this site may use cookies and collect identifying information. See terms. The Jeopardy! game show and all elements thereof, including but not limited to copyright and trademark thereto, are the property of Jeopardy Productions, Inc. and are protected under law. This website is not affiliated with, sponsored by, or operated by Jeopardy Productions, Inc. Join the discussion at JBoard.tv.